LEADER 00906nam 2200301z- 450 001 9910703340203321 005 20241218115830.0 035 $a(CKB)5450000000375635 035 $a(DcWaBHL)141670 035 $a(EXLCZ)995450000000375635 100 $a20240129c2010uuuu -u- - 101 0 $aeng 200 10$aAsian longhorned beetle (ALB) eradication program 210 1$a[Washington, D.C.?]$cU.S. Dept. of Agriculture, Animal and Plant Health Inspection Service$d2010 215 $a1 online resource 517 $aAsian longhorned beetle 606 $aAsian longhorned beetle 606 $aControl 606 $aInsect pests 610 5$aUnited States 615 4$aAsian longhorned beetle 615 4$aControl 615 4$aInsect pests 801 0$bAGL 906 $aBOOK 912 $a9910703340203321 996 $aAsian longhorned beetle (ALB) eradication program$93216377 997 $aUNINA